[Event "RC Sport Open"]
[Site "Ceska Trebova CZE"]
[Date "2007.08.15"]
[Round "7"]
[White "Krejci,Jan2"]
[Black "Simacek,P"]
[Result "1-0"]
[WhiteElo "2315"]
[BlackElo "2481"]

1.e4 c5 2.Nf3 d6 3.d4 cxd4 4.Nxd4 Nf6 5.Nc3 a6 6.Be3 e6 7.f3 b5 8.Qd2 Nbd7
9.O-O-O b4 10.Na4 d5 11.exd5 Nxd5 12.Bc4 Bb7 13.Rhe1 Be7 14.Nf5 O-O 15.Nxe7+ Qxe7
16.Bd4 Rac8 17.Bxd5 Bxd5 18.Bxg7 Rfe8 19.Qh6 b3 20.axb3 Bxb3 21.Nc3 f6 22.cxb3 Red8
23.Rxd7 Rxc3+ 24.Kb1 Qxd7 25.bxc3 Rb8 26.Bxf6 Rxb3+ 27.Kc2 Rb6 28.Qg5+  1-0

[Event "New England Masters"]
[Site "Peabody USA"]
[Date "2007.08.15"]
[Round "4"]
[White "Robson,R"]
[Black "Sarkar,J"]
[Result "0-1"]
[WhiteElo "2347"]
[BlackElo "2403"]

1.e4 c5 2.Nf3 d6 3.d4 cxd4 4.Nxd4 Nf6 5.Nc3 a6 6.Be3 e5 7.Nb3 Be6 8.Qd2 Nbd7
9.f4 Rc8 10.O-O-O b5 11.Kb1 Be7 12.f5 Bc4 13.h3 Qc7 14.g4 h6 15.Bg2 Nb6 16.Qf2 Nfd7
17.h4 b4 18.Nd5 Bxd5 19.exd5 Nc4 20.Bc1 a5 21.Bf1 a4 22.Bxc4 Qxc4 23.Na5 Qc5
24.Qxc5 Rxc5 25.Nc6 b3 26.cxb3 axb3 27.axb3 Nf6 28.b4 Rxd5 29.g5 hxg5 30.hxg5 Rxh1
31.Rxh1 Ne4 32.Nxe7 Kxe7 33.Rh7 Kf8 34.Rh8+ Ke7 35.Rg8 Rd1 36.Rxg7 Rf1 37.f6+ Ke6
38.b5 d5 39.b6 Nd6 40.Kc2 d4 41.Bd2 Rf2 42.Kd1 Nc4 43.Bc1 Nxb6 44.g6 Rxf6
45.gxf7 Rxf7 46.Rg6+ Rf6 47.Rg8 Rf1+ 48.Kc2 Nc4 49.b3 Rf2+ 50.Kd3 Rf3+ 51.Ke4 Rxb3
52.Rg6+ Kf7 53.Rc6 Rc3 54.Bf4 Nd2+ 55.Bxd2 Rxc6 56.Kxe5 Rc2  0-1

[Event "New England Masters"]
[Site "Peabody USA"]
[Date "2007.08.15"]
[Round "4"]
[White "Rensch,D"]
[Black "Critelli,J"]
[Result "0-1"]
[WhiteElo "2400"]
[BlackElo "2262"]

1.e4 c5 2.Nf3 d6 3.d4 cxd4 4.Nxd4 Nf6 5.Nc3 a6 6.Be3 e5 7.Nb3 Be6 8.f3 h5
9.Qd2 Nbd7 10.O-O-O Be7 11.h3 Qc7 12.Bd3 h4 13.Kb1 b5 14.f4 Nb6 15.Bxb6 Qxb6
16.Nd5 Qa7 17.Rhe1 Kf8 18.Nxf6 Bxf6 19.f5 Bd7 20.Nc1 Rc8 21.c3 Be7 22.Bc2 a5
23.Bb3 Be8 24.Nd3 Rh5 25.Nf2 Qc5 26.Ng4 a4 27.Bd5 a3 28.b3 Bg5 29.Qc2 Qxc3
30.Re2 Ke7 31.Qxc3 Rxc3 32.Rc2 Rxc2 33.Kxc2 b4 34.Kd3 Bb5+ 35.Bc4 Bc6 36.Bd5 Bb5+
37.Bc4 Bd7 38.Bd5 Rh8 39.Ne3 Bxe3 40.Kxe3 Rc8 41.Bc4 Rc5 42.Kd3 d5 43.exd5 Bxf5+
44.Ke3 Kd6 45.Kf3 f6 46.Ke3 Bg6 47.Rg1 Bf7 48.g3 Bxd5 49.Bxd5 Kxd5 50.gxh4 Rc3+
51.Kd2 Rxh3 52.Rxg7 Rxh4  0-1

[Event "Petrovskaya Ladya GM"]
[Site "Peterhof RUS"]
[Date "2007.08.15"]
[Round "4"]
[White "Matlakov,M"]
[Black "Eliseev,Alexe"]
[Result "1/2-1/2"]
[WhiteElo "2416"]
[BlackElo "2421"]

1.e4 c5 2.Nf3 d6 3.d4 cxd4 4.Nxd4 Nf6 5.Nc3 a6 6.Be3 e6 7.Be2 Qc7 8.a4 b6
9.f4 Bb7 10.Bf3 Nbd7 11.Nb3 Be7 12.O-O O-O 13.Kh1 Rfe8 14.Qd2 Rad8 15.Rad1 d5
16.exd5 Nxd5 17.Nxd5 Bxd5 18.Qf2 Bxf3 19.Qxf3 Nf6 20.Nd4 Bc5 21.c3 Nd5 22.Bg1 g6
23.g3 Bf8 24.Rd3 Rd7 25.Rfd1 Qb7 26.c4 Nb4 27.Qxb7 Rxb7 28.R3d2 Rc8 29.b3 h5
30.Kg2 Bc5 31.Nf3 Nc6 32.Rd7 Rcc7 33.Rxc7 Rxc7 34.Bxc5 bxc5 35.Rd6 a5 36.Ne5 Nxe5
37.fxe5 Rb7 38.Ra6 Rxb3 39.Rxa5 Rb4 40.Rxc5 Rxa4 41.h4 Kg7 42.Kf3  1/2-1/2

[Event "New England Masters"]
[Site "Peabody USA"]
[Date "2007.08.16"]
[Round "6"]
[White "Yanayt,E"]
[Black "Shankar,G"]
[Result "0-1"]
[WhiteElo "2335"]
[BlackElo "2219"]

1.e4 c5 2.Nf3 d6 3.d4 cxd4 4.Nxd4 Nf6 5.Nc3 a6 6.Be3 e5 7.Nb3 Be6 8.f3 h5
9.Qd2 Nbd7 10.O-O-O Rc8 11.h3 b5 12.Kb1 h4 13.Bd3 b4 14.Nd5 Bxd5 15.exd5 a5
16.Bb5 Be7 17.f4 O-O 18.Rhe1 Ne4 19.Qd3 exf4 20.Qxe4 fxe3 21.Bxd7 Qxd7 22.Nxa5 Bg5
23.Nc6 Rfe8 24.Qd3 Qb7 25.Re2 Ra8 26.Qc4 Re4 27.Rd4 Rxd4 28.Nxd4 Ra5 29.Nc6 Rc5
30.Qe4 Qb5 31.Nd4 Rxd5 32.c3 Rxd4 33.Qe8+ Qxe8  0-1

[Event "New England Masters"]
[Site "Peabody USA"]
[Date "2007.08.16"]
[Round "7"]
[White "Liu,E"]
[Black "Shankland,S"]
[Result "1/2-1/2"]
[WhiteElo "2260"]
[BlackElo "2166"]

1.e4 c5 2.Nf3 d6 3.d4 cxd4 4.Nxd4 Nf6 5.Nc3 a6 6.Be3 e6 7.Be2 Be7 8.a4 Nc6
9.O-O O-O 10.f4 Bd7 11.Nb3 Qc7 12.g4 d5 13.e5 Ne4 14.Nxe4 dxe4 15.c3 Rfd8
16.a5 Be8 17.Qb1 Rd5 18.Bb6 Qc8 19.Qxe4 Bd8 20.Bc4 Bxb6+ 21.axb6 Rd8 22.Rad1 Na5
23.Nxa5 Qc5+ 24.Rd4 Rxd4 25.cxd4 Qxa5 26.Qxb7 Rd8 27.Qc7 Rxd4 28.Qc8 Kf8
29.b7 Rxc4 30.Qxc4 Qb6+ 31.Rf2 Qxb7 32.f5 exf5 33.Qc5+ Kg8 34.gxf5 Qe4 35.Qc8 Qg4+
36.Rg2 Qd1+ 37.Kf2 Qd2+ 38.Kg3 Qe3+ 39.Kh4 Qf4+ 40.Kh3 Qf3+ 41.Rg3 Qh5+  1/2-1/2

[Event "Romanian Open"]
[Site "Predeal ROM"]
[Date "2007.08.16"]
[Round "7"]
[White "Soltanici,R"]
[Black "Ardeleanu,A"]
[Result "1/2-1/2"]
[WhiteElo "2358"]
[BlackElo "2416"]

1.e4 c5 2.Nf3 a6 3.Nc3 d6 4.d4 cxd4 5.Nxd4 Nf6 6.Be3 e5 7.Nb3 Be6 8.f3 Be7
9.Qd2 O-O 10.O-O-O Nbd7 11.g4 Rc8 12.g5 Nh5 13.Kb1 Nb6 14.Rg1 Nc4 15.Bxc4 Rxc4
16.Nd5 Bxd5 17.exd5 Qd7  1/2-1/2

[Event "17th Chess Festival"]
[Site "Abu Dhabi UAE"]
[Date "2007.08.18"]
[Round "7"]
[White "Sethuraman,S"]
[Black "Mouradian,K"]
[Result "1-0"]
[WhiteElo "2380"]
[BlackElo "2164"]

1.e4 c5 2.Nf3 d6 3.d4 cxd4 4.Nxd4 Nf6 5.Nc3 a6 6.Be3 Ng4 7.Bc1 Nf6 8.Bg5 e6
9.f4 Qb6 10.Qd2 Qxb2 11.Rb1 Qa3 12.e5 Nfd7 13.f5 Nxe5 14.fxe6 fxe6 15.Be2 Nbc6
16.Nxc6 bxc6 17.O-O d5 18.Ne4 h6 19.Bf4 Bc5+ 20.Kh1 Nd7 21.Bh5+ Kd8 22.Rb3 Qa4
23.Nxc5 Nxc5 24.Rb4 Qa5 25.Bd6 Kd7 26.Be5 Kd8 27.Rf7 Ne4 28.Qf4  1-0

[Event "17th Chess Festival"]
[Site "Abu Dhabi UAE"]
[Date "2007.08.19"]
[Round "8"]
[White "Swathi,G"]
[Black "Odeev,H"]
[Result "0-1"]
[WhiteElo "2317"]
[BlackElo "2452"]

1.e4 c5 2.Nf3 d6 3.d4 cxd4 4.Nxd4 Nf6 5.Nc3 a6 6.Be3 Ng4 7.Bc1 Nc6 8.Nb3 Nf6
9.a4 Be6 10.Be2 Bxb3 11.cxb3 e6 12.Be3 Be7 13.O-O O-O 14.Rc1 d5 15.exd5 exd5
16.Bd4 Ne4 17.Bf3 f5 18.Qd3 Qa5 19.Rcd1 Rad8 20.Ne2 Bg5 21.Bc3 Qb6 22.Bxe4 fxe4
23.Qh3 Qxb3 24.Qe6+ Kh8 25.Nd4 Nxd4 26.Rxd4 Bf6 27.Rb4 Qc2 28.Bxf6 Rxf6 29.Qe7 Rg8
30.Rxb7 d4 31.h3 Qe2 32.Rd7 e3 33.f4 d3 34.Qe4 d2 35.f5 Qe1  0-1

[Event "TCh-ESP CECLUB Norte Div 1"]
[Site "Sabadell ESP"]
[Date "2007.08.19"]
[Round "6"]
[White "Fernandez Aguado,E"]
[Black "Bolado Saez,S"]
[Result "1-0"]
[WhiteElo "2365"]
[BlackElo "2366"]

1.e4 c5 2.Nf3 d6 3.d4 cxd4 4.Nxd4 Nf6 5.Nc3 a6 6.Be3 e5 7.Nf3 Qc7 8.a4 b6
9.Nd5 Nxd5 10.Qxd5 Bb7 11.Qb3 Bxe4 12.Bc4 h6 13.Bxb6 Qb7 14.O-O-O Nc6 15.Rhe1 Bg6
16.Bd5 Be7 17.Rxe5 dxe5 18.Nxe5 Bg5+ 19.Kb1 Rc8 20.Nxg6 fxg6 21.Re1+ Be7
22.Bf7+ Kf8 23.Bxg6 Bd6 24.Qf3+ Kg8 25.Qd5+  1-0

[Event "Dato Arthur Tan Malaysian Op"]
[Site "Kuala Lumpur MAS"]
[Date "2007.08.20"]
[Round "1"]
[White "Chong Chor Yuen"]
[Black "Sadorra,J"]
[Result "0-1"]
[WhiteElo "2067"]
[BlackElo "2421"]

1.e4 c5 2.Nf3 d6 3.d4 cxd4 4.Nxd4 Nf6 5.Nc3 a6 6.Be3 e5 7.Nb3 Be6 8.f3 Be7
9.Qd2 O-O 10.O-O-O Nbd7 11.g4 b5 12.g5 b4 13.Ne2 Ne8 14.Ng3 a5 15.Kb1 Nc7
16.f4 a4 17.Nc1 exf4 18.Bxf4 b3 19.cxb3 axb3 20.a3 d5 21.Nf5 Nc5 22.Qc3 Bxf5
23.exf5 Bd6 24.Bxd6 Qxd6 25.Bg2 Na4 26.Qd2 Nb5 27.Ne2 Nxb2 28.Qxb2 Nxa3+
29.Kc1 Rfc8+ 30.Nc3 Qf4+ 31.Rd2 Nc4  0-1

[Event "Lady and Chess"]
[Site "Panevezys LTU"]
[Date "2007.08.21"]
[Round "2"]
[White "Warakomska,A"]
[Black "Motoc,A"]
[Result "0-1"]
[WhiteElo "2135"]
[BlackElo "2289"]

1.e4 c5 2.Nf3 d6 3.d4 cxd4 4.Nxd4 Nf6 5.Nc3 a6 6.Be3 e5 7.Nf3 Qc7 8.a4 Nbd7
9.a5 Be7 10.Be2 O-O 11.O-O b5 12.axb6 Nxb6 13.Qd3 Bb7 14.Nd2 Rfd8 15.Bxb6 Qxb6
16.Nc4 Qc7 17.Na5 d5 18.Nxb7 dxe4 19.Qg3 Qxb7 20.Qxe5 Bd6 21.Qf5 Qxb2 22.Nxe4 Nxe4
23.Qxe4 Re8 24.Qd5 Rad8 25.Qh5 g6 26.Qa5 Qb8 27.Qxa6 Bxh2+ 28.Kh1 Rd4 29.Rab1 Qe5
30.Rb3 Rh4 31.Rh3 Rxh3 32.gxh3 Bf4 33.Bf3 Qf5 34.Kg2 Qg5+ 35.Kh1 Bc7 36.Rd1 Qf4
37.Kg2 Qh2+ 38.Kf1 Qxh3+ 39.Bg2 Qg4 40.Rb1 h5 41.Qd3 h4 42.c4 Rd8 43.Qe2 Qf5
44.Rb3 Qf4 45.Re3 Bb6 46.Rc3 Rd1+  0-1

[Event "Open A"]
[Site "Polanica Zdroj POL"]
[Date "2007.08.21"]
[Round "5"]
[White "Moranda,W"]
[Black "Bulski,K"]
[Result "1/2-1/2"]
[WhiteElo "2492"]
[BlackElo "2396"]

1.e4 c5 2.Nf3 d6 3.d4 Nf6 4.Nc3 cxd4 5.Nxd4 a6 6.Be3 e5 7.Nb3 Be7 8.f3 Be6
9.Qd2 Nbd7 10.O-O-O b5 11.g4 Nb6 12.Qf2 Nfd7 13.Kb1 Nc4 14.Bxc4 bxc4 15.Nc1 Rb8
16.N1e2 Qa5 17.Ka1 Qb4 18.Rb1 O-O 19.Rhd1 Rfc8 20.f4 exf4 21.Nxf4 Qa5 22.Bd4 Ne5
23.Nfd5 Bd8 24.Qg3 Nc6 25.Qxd6 Bxg4 26.Bxg7 Kxg7 27.Rg1 h5 28.Rxg4+ hxg4
29.Rg1 Bg5 30.Rxg4 Qd8 31.Qg3 Kh6 32.Qh3+ Kg6 33.Nf4+ Kf6 34.Ncd5+ Ke5 35.Qg3 Bxf4
36.Rxf4 Ke6 37.Rf6+ Qxf6 38.Qh3+ Ke5 39.Qc3+ Nd4 40.Nxf6 Rd8 41.Nd7+ Rxd7
42.Qg3+ Kxe4 43.Qg4+ Ke3 44.Qxd7 Rg8 45.Qh3+ Ke2 46.b3 Nxc2+ 47.Kb2 Ne3 48.bxc4 f5
49.c5 f4 50.c6 f3 51.c7 f2 52.c8=Q Rxc8 53.Qxc8 f1=Q 54.Qxa6+ Kf3 55.Qxf1+ Nxf1
56.a4 Ke4 57.h4 Ng3 58.Kc3 Kd5 59.Kb4 Kc6 60.Kc4 Kb6 61.Kd5 Ka5 62.Ke5 Kxa4
63.Kf4 Nh5+  1/2-1/2

[Event "Dato Arthur Tan Malaysian Op"]
[Site "Kuala Lumpur MAS"]
[Date "2007.08.22"]
[Round "6"]
[White "Wang Li"]
[Black "Anas,N"]
[Result "1/2-1/2"]
[WhiteElo "2337"]
[BlackElo "2230"]

1.e4 c5 2.Nf3 d6 3.d4 cxd4 4.Nxd4 Nf6 5.Nc3 a6 6.Be3 e5 7.Nb3 Be7 8.Be2 Be6
9.O-O O-O 10.Qd2 b5 11.Bf3 Nbd7 12.Rfd1 Qc7 13.a3 Rac8 14.Nc1 Nb6 15.Bxb6 Qxb6
16.N1e2 Rfd8 17.Ng3 g6 18.Nf1 a5 19.Ne3 Bf8 20.Qe2 b4 21.Ncd5 Nxd5 22.Nxd5 Bxd5
23.Rxd5 bxa3 24.Rxa3 Qxb2 25.Raxa5 Rxc2 26.Qf1 Rdc8  1/2-1/2

[Event "Open A"]
[Site "Polanica Zdroj POL"]
[Date "2007.08.23"]
[Round "7"]
[White "Chlost,M"]
[Black "Butkiewicz,L"]
[Result "0-1"]
[WhiteElo "2120"]
[BlackElo "2269"]

1.e4 c5 2.Nf3 d6 3.d4 cxd4 4.Nxd4 Nf6 5.Nc3 a6 6.Be3 e6 7.f3 b5 8.Qd2 Nbd7
9.g4 Nb6 10.Qf2 Nfd7 11.O-O-O Bb7 12.Kb1 Rc8 13.Nce2 Qc7 14.Ng3 d5 15.exd5 Bxd5
16.Bd3 Be7 17.Nh5 O-O 18.g5 g6 19.Ng3 Nc4 20.Bxc4 Qxc4 21.Nb3 Ne5 22.Rd4 Qc6
23.Ne4 Ng4 24.fxg4 Bxe4 25.Rc1 e5 26.Na5 Bxc2+ 27.Ka1 Qe6 28.Rd2 Be4 29.Rdd1 Qxg4
30.h4 Rxc1+ 31.Rxc1 Bd5 32.Bd2 Rc8 33.Re1 Rc2 34.Nb3 Qa4 35.Re3 Bc5 36.Qf6 Rxd2
37.Qd8+ Bf8 38.Nc1 Rd1  0-1

[Event "16th VR Bank Open"]
[Site "Apolda GER"]
[Date "2007.08.24"]
[Round "3"]
[White "Rudolf,S"]
[Black "Kuczynski,R"]
[Result "1-0"]
[WhiteElo "2094"]
[BlackElo "2490"]

1.e4 c5 2.Nf3 d6 3.d4 cxd4 4.Nxd4 Nf6 5.Nc3 a6 6.Be3 e5 7.Nb3 Be7 8.f3 Be6
9.Qd2 O-O 10.O-O-O Qc7 11.Kb1 Nbd7 12.g4 b5 13.g5 Nh5 14.Nd5 Bxd5 15.exd5 Nb6
16.Rg1 Rab8 17.Rg4 g6 18.h4 Rfe8 19.Na5 Nxd5 20.Qxd5 Qxa5 21.Bc4 Rf8 22.f4 Qc7
23.Bb3 Qc8 24.Rgg1 exf4 25.Rgf1 Qb7 26.Bxf4 Qxd5 27.Rxd5 Nxf4 28.Rxf4 Kg7
29.a4 f6 30.gxf6+ Rxf6 31.Re4 Rb7 32.Rb4 Rf1+ 33.Ka2 Ra7 34.Re4 Rh1 35.Rdd4 Bf6
36.Rb4 Be5 37.Bd5 Rc7 38.Rxe5 dxe5 39.Bxh1  1-0

[Event "Dato Arthur Tan Malaysian Op"]
[Site "Kuala Lumpur MAS"]
[Date "2007.08.25"]
[Round "10"]
[White "Wang Li"]
[Black "Tirto"]
[Result "1-0"]
[WhiteElo "2337"]
[BlackElo "2418"]

1.e4 c5 2.Nf3 d6 3.d4 cxd4 4.Nxd4 Nf6 5.Nc3 a6 6.Be3 e5 7.Nb3 Be7 8.Qd2 Be6
9.O-O-O Nbd7 10.f4 Rc8 11.f5 Bc4 12.Bxc4 Rxc4 13.Qd3 Qc7 14.Nd2 Rxc3 15.Qxc3 Qxc3
16.bxc3 d5 17.Kb2 O-O 18.Rhe1 Rc8 19.Bf2 g6 20.fxg6 hxg6 21.h3 Bd8 22.g4 Ba5
23.Nb1 d4 24.cxd4 Bxe1 25.Rxe1 Nb6 26.c3 Nc4+ 27.Kc2 b5 28.Re2 Re8 29.d5 Rc8
30.Nd2 b4 31.cxb4 Ne3+ 32.Kb3 Ng2 33.Bg3 Nf4 34.Bxf4 exf4 35.g5 Nh5 36.a4 Kf8
37.e5 Rd8 38.d6 Ke8 39.Nf3 Kd7 40.Rc2 Ke6 41.b5 axb5 42.axb5 Ng3 43.Kb4 Nf5
44.Rc7 Kd5 45.Rc4 Ra8 46.Rxf4 Ra1 47.d7 Ra8 48.Rc4 Ne7 49.Rd4+ Ke6 50.d8=Q Nc6+
51.bxc6  1-0

[Event "Kalamaria Open"]
[Site "Thessaloniki GRE"]
[Date "2007.08.26"]
[Round "3"]
[White "Aginian,N"]
[Black "Kempinski,R"]
[Result "0-1"]
[WhiteElo "2261"]
[BlackElo "2587"]

1.e4 c5 2.Nf3 d6 3.d4 cxd4 4.Nxd4 Nf6 5.Nc3 a6 6.Be3 e5 7.Nf3 Be7 8.Bc4 O-O
9.O-O Nc6 10.Bg5 Be6 11.Bb3 Nd7 12.Bxe7 Qxe7 13.Qd2 Nf6 14.Nd5 Bxd5 15.Bxd5 Qc7
16.Rfe1 Nxd5 17.Qxd5 Rfd8 18.Rad1 Rac8 19.c3 b5 20.Re3 Na5 21.b3 Nc6 22.Qd2 Rd7
23.Rd3 Rcd8 24.Nh4 Ne7 25.Qg5 Qc6 26.Nf5 Nxf5 27.Qxf5 g6 28.Qg4 d5 29.exd5 Rxd5
30.Rxd5 Rxd5 31.Rxd5 Qxd5 32.h3 Kg7 33.c4 Qd3 34.Kh2 bxc4 35.bxc4 Qc2 36.Qg3 f6
37.Qg4 Qxf2 38.Qd7+ Kh6 39.Qc6 Qf4+ 40.Kh1 e4 41.Qc8 e3 42.Qf8+ Kg5 43.Qc5+ Kh4
44.Qd5 Kg3 45.Qd3 f5  0-1

[Event "15th Open"]
[Site "Nikea GRE"]
[Date "2007.08.29"]
[Round "8"]
[White "Laurent,B"]
[Black "Kostopoulos,E"]
[Result "1-0"]
[WhiteElo "2376"]
[BlackElo "2141"]

1.e4 c5 2.Nf3 d6 3.d4 cxd4 4.Nxd4 Nf6 5.Nc3 a6 6.Be3 e5 7.Nf3 Be7 8.Bc4 O-O
9.O-O Be6 10.Bxe6 fxe6 11.Na4 Nfd7 12.Qd3 Rf7 13.Qb3 b5 14.Nc3 Nf8 15.a4 b4
16.Qxb4 d5 17.Qb7 Bc5 18.Qxa8 d4 19.Bg5 Qc8 20.Nd5 h6 21.Nxe5 hxg5 22.Nxf7 Kxf7
23.b4 Bd6 24.Qa7+ Ke8 25.e5 Bxe5 26.Qe7+  1-0

[Event "zt 3.2"]
[Site "Dhaka BAN"]
[Date "2007.08.30"]
[Round "10"]
[White "Gopal,G"]
[Black "Rohit,G"]
[Result "1-0"]
[WhiteElo "2480"]
[BlackElo "2470"]

1.e4 c5 2.Nf3 d6 3.d4 cxd4 4.Nxd4 Nf6 5.Nc3 a6 6.Be3 e5 7.Nf3 Be7 8.Bc4 O-O
9.O-O Be6 10.Qe2 Nc6 11.Rfd1 Qc7 12.Bb3 Na5 13.Nd5 Nxd5 14.Bxd5 Rac8 15.c3 Nc4
16.Bg5 Bxd5 17.Rxd5 Bxg5 18.Nxg5 Qe7 19.Nf3 Nb6 20.Rd3 Na4 21.Rad1 Rc6 22.g3 Qe6
23.Nh4 g6 24.Rd5 Rb6 25.R1d2 Rc8 26.c4 Rc5 27.Ng2 Rxd5 28.cxd5 Qd7 29.Ne3 Nc5
30.Nc4 Rb4 31.a3 Rb5 32.b4 Nb3 33.Rb2 Nd4 34.Qd3 Qg4 35.Kg2 a5 36.Nxd6 Rb6
37.Nc4  1-0

[Event "Kalamaria Open"]
[Site "Thessaloniki GRE"]
[Date "2007.08.30"]
[Round "7"]
[White "Parligras,M"]
[Black "Kempinski,R"]
[Result "1-0"]
[WhiteElo "2542"]
[BlackElo "2587"]

1.e4 c5 2.Nf3 d6 3.d4 cxd4 4.Nxd4 Nf6 5.Nc3 a6 6.Be3 e5 7.Nb3 Be7 8.f3 Be6
9.Qd2 O-O 10.O-O-O Nbd7 11.g4 Qc7 12.Kb1 b5 13.g5 Nh5 14.f4 Nxf4 15.Bxf4 exf4
16.Qxf4 Ne5 17.Nd4 Qc5 18.h4 b4 19.Nd5 Bxd5 20.exd5 Qxd5 21.Bh3 Ra7 22.h5 Rc7
23.Bf5 Qc5 24.g6 fxg6 25.hxg6 Nxg6 26.Qe4 Rf6 27.Be6+ Rxe6 28.Qxe6+ Kf8 29.Rxh7 Bf6
30.Rdh1  1-0

[Event "1st Serbian League Men"]
[Site "Zlatibor SRB"]
[Date "2007.09.01"]
[Round "11"]
[White "Popovic,Du"]
[Black "Popovic,Pe"]
[Result "1/2-1/2"]
[WhiteElo "2551"]
[BlackElo "2474"]

1.e4 c5 2.Nf3 d6 3.d4 cxd4 4.Nxd4 Nf6 5.Nc3 a6 6.Be3 e5 7.Nf3 Be7 8.Bc4 O-O
9.O-O Be6 10.Bxe6 fxe6 11.Na4 Ng4 12.Qd3 Nxe3 13.Qxe3 b5 14.Nb6 Ra7 15.Nd5 Rb7
16.Qd2 Kh8 17.Nxe7 Qxe7 18.Rfd1 Rb6 19.Qe3 Rc6 20.c3 Nd7 21.a4 Nc5 22.axb5 axb5
23.Ra5 Rb8 24.Rda1 h6 25.Qe2 b4 26.Rb5 Rcb6 27.Rxb6  1/2-1/2

[Event "1st Serbian League Men"]
[Site "Zlatibor SRB"]
[Date "2007.09.01"]
[Round "11"]
[White "Pikula,D"]
[Black "Grujic,Z"]
[Result "1-0"]
[WhiteElo "2504"]
[BlackElo "2362"]

1.e4 c5 2.Nf3 d6 3.d4 cxd4 4.Nxd4 Nf6 5.Nc3 a6 6.Be3 e6 7.g4 e5 8.Nf5 h5
9.g5 Nxe4 10.Nxg7+ Bxg7 11.Nxe4 d5 12.Ng3 d4 13.Bd2 Qd5 14.Rg1 Bg4 15.Be2 Bxe2
16.Qxe2 h4 17.Nh5 Rh7 18.Qg4 Qc6 19.Nxg7+ Rxg7 20.Qxh4 Rg8 21.g6 fxg6 22.O-O-O Qe6
23.Kb1 Nc6 24.Rde1 Rd8 25.Qe4 Kd7 26.f4 Rde8 27.Rg5 Ref8 28.Rxe5  1-0

[Event "Open"]
[Site "Peiraias GRE"]
[Date "2007.09.05"]
[Round "5"]
[White "Liaskos,L"]
[Black "Tsomis,D"]
[Result "0-1"]
[WhiteElo "1914"]
[BlackElo "2201"]

1.e4 c5 2.Nf3 d6 3.d4 cxd4 4.Nxd4 Nf6 5.Nc3 a6 6.Be3 Ng4 7.Bg5 h6 8.Bh4 g5
9.Bg3 Bg7 10.Qd2 Nc6 11.Nxc6 bxc6 12.O-O-O Rb8 13.f3 Ne5 14.Bf2 Qa5 15.Qd4 O-O
16.Qa4 Qc7 17.h4 a5 18.hxg5 hxg5 19.Bd4 Be6 20.Rh5 Rb4 21.Qa3 Rfb8 22.Rxg5 Rxd4
23.Rxd4 Ng6 24.Rxg6 fxg6 25.Rd1 Qb6 26.Bd3 Kf7 27.Kb1 Qd4 28.Kc1 Qb6 29.Kb1 Be5
30.Be2 Kg7 31.Bd3 g5 32.Rf1 Qd4 33.Nd1 c5 34.Be2 c4 35.f4 gxf4 36.Bf3 c3
37.Qxa5 Rb7 38.b3 Ra7 39.Qd8 Qb4 40.Rh1 Bg8 41.Rh5 Bf6 42.e5 dxe5 43.Qd3 Qd4
44.Qxc3 Qd6 45.Rh1 e4  0-1

[Event "4th LGA Premium Cup"]
[Site "Nuernberg GER"]
[Date "2007.09.06"]
[Round "1"]
[White "Quaschner,T"]
[Black "Ragger,M"]
[Result "0-1"]
[WhiteElo "2011"]
[BlackElo "2529"]

1.e4 c5 2.Nf3 d6 3.d4 cxd4 4.Nxd4 Nf6 5.Nc3 a6 6.Be3 e5 7.Nb3 Be6 8.Be2 Be7
9.O-O O-O 10.Kh1 Nbd7 11.f4 exf4 12.Bxf4 Ne5 13.Nd4 Rc8 14.Nxe6 fxe6 15.Bxe5 dxe5
16.Qxd8 Rfxd8 17.Bd3 Bc5 18.h3 Nd7 19.Rf3 Bd4 20.Ne2 Nc5 21.Nxd4 exd4 22.Raf1 Rf8
23.Rxf8+ Rxf8 24.Rxf8+ Kxf8 25.Kh2 Nd7 26.Kg3 Ne5 27.Kf4 Ng6+ 28.Kf3 Kf7
29.g3 Kf6 30.Kf2 Ke5 31.Kf3 Nf8 32.c3 Nd7 33.Bc4 Nc5 34.h4 h6 35.cxd4+ Kxd4
36.Bb3 Nxb3 37.axb3 e5 38.h5 b6 39.b4 b5 40.g4 Kd3 41.g5 hxg5 42.Kg4 Kxe4
43.Kxg5 Kd3 44.Kg6 e4 45.Kxg7 e3 46.h6 e2  0-1

[Event "4th LGA Premium Cup"]
[Site "Nuernberg GER"]
[Date "2007.09.07"]
[Round "2"]
[White "Ragger,M"]
[Black "Kordts,W"]
[Result "1-0"]
[WhiteElo "2529"]
[BlackElo "2216"]

1.e4 c5 2.Nf3 d6 3.d4 cxd4 4.Nxd4 Nf6 5.Nc3 a6 6.Be3 e5 7.Nb3 Be6 8.Qd2 Be7
9.f3 O-O 10.O-O-O Nbd7 11.g4 b5 12.Rg1 Nb6 13.g5 Nh5 14.Qf2 Rb8 15.Kb1 Nc4
16.Bc1 Qc7 17.Ne2 Rfc8 18.Ng3 Nf4 19.Bxf4 exf4 20.Nh5 Ne3 21.Rc1 d5 22.Qh4 Kh8
23.Bd3 g6 24.Nxf4 dxe4 25.Nxe6 fxe6 26.Bxe4 Nf5 27.Bxf5 exf5 28.Rge1 Bf8
29.Nd4 Qc4 30.Qf4 Bg7 31.Ne6 Qxf4 32.Nxf4 Re8 33.Ne6 Kg8 34.c3 Bf8 35.Rcd1 Rb6
36.Nxf8 Kxf8 37.Kc2 Rxe1 38.Rxe1 Kf7 39.f4 Rd6 40.h4 Rd8 41.Re5 h6 42.Rc5 hxg5
43.hxg5 Rd6 44.a4 bxa4 45.Ra5 a3 46.Rxa3 Ke6 47.Ra4 Rb6 48.Rd4 Rb5 49.b4 Rb8
50.Kb3 Rc8 51.c4 Rh8 52.b5 axb5 53.cxb5 Rh1 54.Kb4 Rb1+ 55.Kc5 Rc1+ 56.Rc4 Rd1
57.b6  1-0

[Event "3rd Geller mem Open A"]
[Site "Odessa UKR"]
[Date "2007.09.08"]
[Round "1"]
[White "Arutyunova,D"]
[Black "Zubov,A UKR"]
[Result "0-1"]
[WhiteElo "2255"]
[BlackElo "2552"]

1.e4 c5 2.Nf3 d6 3.d4 cxd4 4.Nxd4 Nf6 5.Nc3 a6 6.Be3 e5 7.Nb3 Be6 8.f3 h5
9.Qd2 Nbd7 10.Nd5 Nxd5 11.exd5 Bf5 12.c4 b6 13.Bd3 Bxd3 14.Qxd3 g6 15.Nd2 f5
16.Rc1 a5 17.Nb1 Bh6 18.Bxh6 Rxh6 19.Qd2 Rh8 20.h4 Nc5 21.Nc3 Ra7 22.Kd1 Rg7
23.Qg5 Qxg5 24.hxg5 h4 25.Rc2 Rh5 26.a3 a4 27.f4 exf4 28.Rf2 Rgh7 29.Rxf4 Rxg5
30.Rh2 Rg4 31.Rxg4 fxg4 32.g3 h3 33.Ne2 Ne4 34.Kc2 Rf7 35.Rh1 Rf2  0-1

[Event "3rd Geller mem Open A"]
[Site "Odessa UKR"]
[Date "2007.09.09"]
[Round "2"]
[White "Zubov,A UKR"]
[Black "Nedilko,V"]
[Result "1-0"]
[WhiteElo "2552"]
[BlackElo "2400"]

1.e4 c5 2.Nf3 d6 3.d4 cxd4 4.Nxd4 Nf6 5.Nc3 a6 6.Be3 e5 7.Nb3 Be7 8.f3 Be6
9.Qd2 O-O 10.O-O-O a5 11.Qe1 Qc8 12.a4 Nc6 13.g4 Nb4 14.Kb1 Qc7 15.h4 Rfd8
16.Qf2 Nd7 17.Nd5 Bxd5 18.exd5 Rdc8 19.c3 Na6 20.g5 Bd8 21.f4 e4 22.Bh3 Rcb8
23.Nd4 Ndc5 24.Nb5 Qe7 25.f5 Nd3 26.f6 Qe5 27.Qf5 Nac5 28.Bd4 Qxf5 29.Bxf5 Nxa4
30.Bxe4 Ndxb2 31.Rde1 Ra6 32.Rh2 Bb6 33.Rxb2 Bxd4 34.Nxd4 Nxb2 35.Kxb2 b5
36.Nc6 Rba8 37.Bf5 Kf8 38.Bxh7 b4 39.h5 bxc3+ 40.Kxc3 Rb6  1-0

[Event "3rd Geller mem Open A"]
[Site "Odessa UKR"]
[Date "2007.09.10"]
[Round "3"]
[White "Sulejmanova,A"]
[Black "Tihonov,J"]
[Result "0-1"]
[WhiteElo "2241"]
[BlackElo "2542"]

1.e4 c5 2.Nf3 d6 3.d4 cxd4 4.Nxd4 Nf6 5.Nc3 a6 6.Be3 e5 7.Nb3 Be6 8.f3 Nbd7
9.Qd2 h5 10.O-O-O b5 11.Bd3 Be7 12.h3 h4 13.Rhe1 Rb8 14.f4 b4 15.Nd5 Bxd5
16.exd5 Nxd5 17.Bf5 N5f6 18.fxe5 Nxe5 19.Bf4 g6 20.Qd4 Rb5 21.Bxe5 dxe5 22.Qa7 Qb6
23.Qa8+ Qb8 24.Qc6+ Kf8 25.Bd3 Rb6 26.Qf3 Rh5 27.Nd2 Kg7 28.Nc4 Re6 29.g3 hxg3
30.Qxg3 Qh8 31.Qg2 a5 32.Kb1 a4 33.Ne3 e4 34.Bc4 Ree5 35.Rf1 Qc8 36.Ng4 Qxc4  0-1

[Event "3rd Geller mem Open A"]
[Site "Odessa UKR"]
[Date "2007.09.15"]
[Round "8"]
[White "Tarlev,K"]
[Black "Solodovnichenko,Y"]
[Result "1/2-1/2"]
[WhiteElo "2472"]
[BlackElo "2582"]

1.e4 c5 2.Nf3 d6 3.d4 cxd4 4.Nxd4 Nf6 5.Nc3 a6 6.Be3 e6 7.g3 b5 8.Bg2 Bb7
9.O-O Nbd7 10.Re1 Qc7 11.f4 Be7 12.Bf2 b4 13.Nd5 exd5 14.exd5 Kf8 15.Nf5 Bd8
16.g4 g6 17.Ne3 h6 18.h4 a5 19.a3 Kg8 20.axb4 axb4 21.Rxa8 Bxa8 22.g5 hxg5
23.hxg5 Nh5 24.Qd4 Kh7 25.Qxb4 Re8 26.Bf3 Nc5 27.Qd4 Bb7 28.Kg2 f6 29.b4 fxg5
30.Bxh5 Ne6 31.Bxg6+ Kg8 32.Nf5 Nxf4+ 33.Kh2 Re5 34.Bf7+ Kxf7 35.Nxd6+ Qxd6
36.Qxe5 Qxd5 37.Qxd5+ Bxd5 38.b5 Nh5 39.b6 Be7 40.Bd4 Nf6 41.c4 Bd6+ 42.Kg1 Bxc4
43.b7 Nd7 44.Be3 Ba6 45.Rd1 Ke6 46.Rxd6+ Kxd6 47.Bxg5 Bxb7 48.Kf2 Ke5 49.Ke3 Nb6
50.Bf4+ Kd5 51.Bb8 Kc4 52.Bg3 Nd5+ 53.Ke4 Nb4+ 54.Ke5 Nd3+ 55.Kd6 Kd4 56.Bh4 Bd5
57.Bf6+ Ke4 58.Bh8 Bg8 59.Bc3 Nf4 60.Be5 Ne6 61.Bf6 Kf5 62.Ba1 Nd8 63.Bb2 Ke4
64.Ba1 Nb7+ 65.Ke7 Kf5 66.Bb2 Bd5 67.Bc3 Bc6 68.Bb4 Bb5 69.Bc3 Nc5 70.Bd4 Ne4
71.Bb2 Bc6  1/2-1/2

[Event "IRT Salomao Rovedo"]
[Site "Rio de Janeiro BRA"]
[Date "2007.09.15"]
[Round "4"]
[White "Bil,A"]
[Black "Von Buelow,G"]
[Result "0-1"]
[WhiteElo "2163"]
[BlackElo "2354"]

1.e4 c5 2.Nf3 d6 3.d4 cxd4 4.Nxd4 Nf6 5.Nc3 a6 6.Be3 e6 7.f3 Be7 8.g4 Nc6
9.Qd2 O-O 10.O-O-O Nxd4 11.Bxd4 b5 12.h4 Nd7 13.Qf2 Bb7 14.Kb1 Qa5 15.g5 b4
16.Ne2 e5 17.Be3 d5 18.Bh3 Rad8 19.exd5 Bxd5 20.Nc1 Bc6 21.Nb3 Qc7 22.h5 a5
23.g6 a4 24.h6 hxg6 25.hxg7 Kxg7 26.Bxd7 Rxd7 27.Bh6+ Kg8 28.Rxd7 Qxd7 29.Bxf8 Bxf8
30.Nc5 Qf5 31.Qh4 Bg7 32.Ne4 f6 33.Qh3 Qxh3 34.Rxh3 Kf7 35.c3 bxc3 36.bxc3 g5
37.Nd2 f5 38.Kc2 e4 39.fxe4 f4 40.Kd3 Kg6 41.Rh2 g4 42.Rg2 Kg5 43.Nf3+ Kh5
44.Rh2+ Kg6 45.Nd4 Bd7 46.Rg2 g3 47.Nf3 Kh5 48.Rg1 Kg4 49.Nd4 f3 50.Nf5 Bxf5
51.exf5 f2 52.Rf1 g2  0-1